| 000 | 00765nam a2200229 a 4500 | ||
|---|---|---|---|
| 005 | 20240924064015.0 | ||
| 008 | 030220s1996 es r 000 0 spa d | ||
| 020 | _a8487767516 | ||
| 035 | _aUPN01000122127 | ||
| 049 | _aCG | ||
| 050 | 4 |
_aLB1028 _bB3.7 |
|
| 100 | 1 |
_aBatanaz Palomares, Luis, _d1937-2011 _937290 |
|
| 245 | 1 | 0 |
_aInvestigación y diagnóstico en educación : _buna perspectiva psicopedagógica / _cLuis Batanaz Palomares. |
| 260 |
_aMálaga, Esp. : _bAljibe, _cc1996. |
||
| 300 | _a228 p. | ||
| 440 | 0 | _aBiblioteca de educación | |
| 590 | _a(También localizas un ejemplar en el "Area de Reserva") | ||
| 590 | _aBibliografía Básica (BGTQ) | ||
| 650 | 4 |
_aEducación _xInvestigación _94070 |
|
| 650 | 4 |
_aPsicopedagogía _95085 |
|
| 905 | _aLibro | ||
| 999 |
_c94327 _d94327 |
||